MARC

LEADER 00000nam0a2200000 4500
001 364144
005 20231102011647.0
035 |a (RuTPU)RU\TPU\retro\21502 
035 |a RU\TPU\retro\21487 
090 |a 364144 
100 |a 20211029d1958 k y0rusy50 ca 
101 0 |a rus 
102 |a RU 
105 |a a z 001zy 
200 1 |a Обработка труднообогатимой оловянно-вольфрамовой руды  |f Н. П. Сосновский, Н. М. Казурина  |g Всесоюзный научно-исследовательский институт золота и редких металлов 
210 |a Магадан  |c Изд-во ВНИИ-1  |d 1958 
215 |a 28 с.  |c ил. 
225 1 |a Труды ВНИИ-1 (Всесоюзного научно-исследовательского института золота и редких металлов) 
225 1 |a Обогащение и металлургия  |v Вып. 28 
320 |a Библиогр. в конце ст. 
606 1 |a Металлургия общая  |2 stltpush  |3 (RuTPU)RU\TPU\subj\43016  |9 62604 
606 1 |a Руды  |x Обогащение  |2 stltpush  |3 (RuTPU)RU\TPU\subj\26130  |9 50128 
610 1 |a оловянно-вольфрамовые руды 
610 1 |a обработка 
610 1 |a петрография 
610 1 |a минералогия 
610 1 |a анализ 
610 1 |a касситерит 
610 1 |a магнитная сепарация 
610 1 |a гравитационные методы 
610 1 |a флотационные испытания 
610 1 |a молибден 
610 1 |a автоклавно-содовое выщелачивание 
675 |a 669  |v 4 
675 |a 622.7:622.34  |v 4 
700 1 |a Сосновский  |b Н. П. 
701 1 |a Казурина  |b Н. М. 
712 0 2 |a Всесоюзный научно-исследовательский институт золота и редких металлов  |c (Магадан)  |c (1960-1994)  |2 stltpush  |3 (RuTPU)RU\TPU\col\7605  |9 24351 
801 1 |a RU  |b 63413507  |c 20211018 
801 2 |a RU  |b 63413507  |c 20211029  |g RCR 
942 |c BK